00481nam a2200121Ia 4500008004100000082001500041100001700056245007600073260005000149365000800199630007600207730007600283100415s9999 xx 000 0 und d b20614a010 aMATHUR, P.K. aBibliography: Wildlife and Protected Area Management In Madhya Pradesh. aDEHRA DUNc1999bWILDLIFE INSTITUTE OF INDIA. b995 aBibliography: Wildlife and Protected Area Management In Madhya Pradesh. aBibliography: Wildlife and Protected Area Management In Madhya Pradesh.